Giáo khoa, bài tập và bài giải kinh tế vĩ mô

Zapisane w:
Opis bibliograficzny
1. autor: Michel Herland
Format: Książka
Język:Undetermined
Wydane: Hà Nội Thống Kê 1997
Hasła przedmiotowe:
Etykiety: Dodaj etykietę
Nie ma etykietki, Dołącz pierwszą etykiete!
Thư viện lưu trữ: Trung tâm Học liệu Trường Đại học Cần Thơ
LEADER 00576nam a2200193Ia 4500
001 CTU_32108
008 210402s9999 xx 000 0 und d
020 |b 23.000đ 
082 |a 339.076 
082 |b H549/1997 
100 |a Michel Herland 
245 0 |a Giáo khoa, bài tập và bài giải kinh tế vĩ mô 
245 0 |c Michel Herland, Trần Văn Hùng (Biên dịch) 
260 |a Hà Nội 
260 |b Thống Kê 
260 |c 1997 
650 |a Macroeconomics 
904 |i Minh 
980 |a Trung tâm Học liệu Trường Đại học Cần Thơ